| 000 | 00437nam a2200181Ia 4500 | ||
|---|---|---|---|
| 005 | 20250423100056.0 | ||
| 008 | 250422s9999 xx 000 0 und d | ||
| 020 | _a0-89426-225-4 | ||
| 050 | _aT 56.24 .P55/ | ||
| 100 | _aDonald R. Plane | ||
| 245 | 0 | _aManagement Science | |
| 260 | _aMassachusetts | ||
| 260 | _bBoyd & Fraser Publishing Co | ||
| 260 | _c1994 | ||
| 300 | _a431 p | ||
| 650 | _aManagement Scicence | ||
| 942 | _cBK | ||
| 999 |
_c32214 _d32214 |
||